00687nam a2200229Ia 4500003000900000008004100009040001300050040001300063041000800076100002300084245004400107250001000151260001500161260000900176300001100185300001000196490002300206490000600229942000700235999001700242952019800259IT-RoPAU120407s9999 xx 000 0 und d aIT-RoPAU cIT-RoPAU aita aJames S. Grotstein aScissione e identificazione proiettiva. aRoma  aAstrolabio c1983 a215 p. c21 cm aPsiche e coscienza v1 cBK c28985d28985 00102ddc406151_32000000000000071aPAULUSbPAULUSd2012-04-11l0o151.32r2012-04-11 00:00:00w2012-04-11yBKzInserito da: Anna In data: 12 settembre 2011 fondo: Via A.Severo 56 Progr:32393